| 000 | 00885cam a22003017a 4500 | ||
|---|---|---|---|
| 003 | CHAP | ||
| 005 | 20220817042711.0 | ||
| 008 | 971013s1965 r 00010 d | ||
| 010 | _a52729 | ||
| 011 | _a53701 | ||
| 035 | _a57851 | ||
| 040 | _cCHAP | ||
| 082 |
_a506.58 _bW67 1965-66 |
||
| 245 | 1 | 4 | _aThe world of learning, 1965-66 |
| 250 | _a16 ed. | ||
| 260 |
_aLondon : _bEuropa Publications, _c1965 |
||
| 300 | _a1443 | ||
| 590 |
_aBATCH-UPD _b10 _c20130110 _lUCH01 _h1427 |
||
| 590 |
_aBATCH-UPD _b10 _c20130410 _lUCH01 _h0906 |
||
| 590 |
_aBATCH-UPD _b10 _c20130914 _lUCH01 _h1245 |
||
| 590 |
_aCONVERSION _b10 _c20130109 _lUCH01 _h1328 |
||
| 650 | 1 | 4 | _aEducación superior. |
| 650 | 1 | 4 |
_aInstituciones cientÃficas. _958974 |
| 650 | 1 | 4 |
_aInstituciones y sociedades doctas. _958982 |
| 901 | _aBK | ||
| 942 | _cLIBRO | ||
| 949 |
_a506.58 W67 1965-66 _bBC _cC _d-125699 _eC _i57851 _si |
||
| 999 |
_c52729 _d52729 |
||